000
00309nam a2200109 a 4500
005
20140408090024.0
008
021121s19uu xx 00 eng d
050
_a
PHS '00
_b
Id2 #16
100
_a
Ide, Natsuko Akaike
245
_a
Coping skills and academic performance mainstreamed LRU students.
942
_c
PASS
999
_c
96318
_d
96318